| 000 | 00676nam a2200205Ia 4500 | ||
|---|---|---|---|
| 003 | GCL | ||
| 005 | 20240530103119.0 | ||
| 008 | 140319s9999 xx 000 0 ara d | ||
| 040 |
_aGCL / _cGCL |
||
| 082 | 0 | 4 |
_a940.1\ _bا ت |
| 100 | 1 | _aالسيد الباز العرينى | |
| 245 | 1 | 0 |
_aتاريخ اوربا فى العصور الوسطى / _cالسيد الباز العرينى |
| 260 |
_aالقاهرة : _bدار النهضة العربية |
||
| 300 |
_a575 ص ؛ _c24 سم |
||
| 650 | 0 | 4 | _aالعصور الوسطى |
| 650 | 0 | 4 | _aحضارة العصور الوسطى |
| 650 | 0 | 4 | _aاوربا |
| 650 | 0 | 4 | _aعصر النهضة (1300 - 1494) |
| 942 |
_2ddc _cBK |
||
| 999 |
_c36926 _d36926 |
||